Normal view MARC view

Entry Personal Name

Number of records used in: 3

001 - CONTROL NUMBER

  • control field: 19729

003 - CONTROL NUMBER IDENTIFIER

  • control field:

005 - DATE AND TIME OF LATEST TRANSACTION

  • control field: 20221115124155.0

008 - FIXED-LENGTH DATA ELEMENTS

  • fixed length control field: 221115|| aca||aabn | a|a d

040 ## - CATALOGING SOURCE

  • Original cataloging agency:
  • Transcribing agency:

100 ## - HEADING--PERSONAL NAME

  • Personal name: UGBEIKWU, Francis

670 ## - SOURCE DATA FOUND

  • Source citation: Work cat.: ()10019: UGBEIKWU, Francis aut, Ignite (Daily inspirations and declaration for renewal)/, 2021

National Library of Nigeria OPAC is powered by Koha